000 02721cam a22005894i 4500
003 PE-LiUPU
005 20250731170440.0
008 150625s1999 sp a rb 000 0 spa d
020 _a8448124928
020 _a9788448124922
035 _a(Sirsi) i9788448124922
040 _aPE-LiUPU
_bspa
_cPE-LiUPU
_dPE-LiUPUerda
049 _aPRUA
082 0 4 _a153.15
_bT22
_221
100 1 _aTarpy, Roger M.,
_eautor.
245 1 0 _aAprendizaje :
_bteoría e investigación contemporáneas /
_cRoger M. Tarpy ; traductor, Ginés Evangelista Navarro ; revisores técnicos, Pilar Sánchez Balmaseda, Ricardo Pellón Suárez de Puga.
264 1 _aMadrid :
_bMcGraw-Hill, Interamericana de España,
_c[1999].
300 _a687 páginas :
_bilustraciones ;
_c24 centímetros
336 _atext
_2rdacontent
337 _aunmediated
_2rdamedia
338 _avolume
_2rdacarrier
504 _aIncluye referencias bibliográgicas.
505 0 _aBagaje histórico del estudio del aprendizaje -- Ciencia, psicología y estudio del aprendizaje -- Procedimientos básicos del condicionamiento pabloviano ( o clásico) -- Variables que afectan al condicionamiento clásico -- Fenómenos del condicionamiento clásico -- Perspectivas teóricas del condicionamiento clásico -- Condicionamiento de estados adaptativos desde un punto de vista biológico -- Procedimientos básicos del condicionamiento instrumental (operante) -- Variables que afectan al condicionamiento instrumental -- Fenómenos del condicionamiento instrumental -- Perspectivas teóricas en el condicionamiento instrumental -- Especializaciones adaptativas del aprendizaje -- Generalización y discriminación -- Memoria -- Procesamiento cognitivo complejo.
526 _aSEG68
526 _aSEG70
526 _aSEG69
526 _aSEG67
526 _aSEG43
526 _aP144
526 _aP143
526 _aP131
526 _aP122
526 _aP120
526 _aP117
526 _aP112
526 _aP110
526 _aP106
526 _aP101
526 _aP80
526 _aP59
526 _aP54
526 _aP35
526 _aP33
526 _aP30
541 _g0003233;
650 1 4 _aAprendizaje.
942 _2ddc
_cBOOK
949 _a153.15 T22
_wDEWEY
_c1
_i56335
_d2016-9-28
_e2016-9-28
_lCCODEBUL1
_mBUL
_n7
_p22.00
_r0
_sY
_tBOOK
_u2015-6-25
_xSALUD
_PP33
_0COMPRA
_o.STAFF. Colección Ciencias de la Salud
994 _aC0
_bPEPRU
596 _a1
999 _a153.15 T22
_wDEWEY
_c45587
_i56335
_d45587
_e2018-8-29
_f2021-11-3
_g5
_lCCODEBUL1
_mBUL
_n11
_p22.00
_q4
_r0
_sY
_tBOOK
_u2015-6-25
_xSALUD
_zP33
_0COMPRA
_o.STAFF. Colección Ciencias de la Salud
980 _81
_gALBERTO SANCHEZ Responsable de Automatización